| 000 | 00417pab a2200157 454500 | ||
|---|---|---|---|
| 008 | 180718b2006 xxu||||| |||| 00| 0 eng d | ||
| 100 | _aWacker, R. Fred | ||
| 245 | _aMichigan gambling: the interactions of native American, Detroit, and Canadian casinos | ||
| 260 | _c2006 | ||
| 300 | _ap.373-80. | ||
| 362 | _aNov | ||
| 650 | _aTribes | ||
| 773 | _aAmerican Behavioral Scientist | ||
| 908 | _aN | ||
| 909 | _a72368 | ||
| 999 |
_c72368 _d72368 |
||